00195nam a22001097a 4500040000700000082000800007100000800015245002300023260001700046942000700063999001500070 cSK a634 aNA  aForest climatology aNAbNAc2011 cEK c9228d9228